000 00612cam a22002053a 4500
001 40243
003 PGUSA
005 20140828083909.0
008 120715s2012||||xxu|||||s|||||000 | eng d
040 _aPGUSA
_beng
042 _adc
100 1 _aSayce, A. H.
_q(Archibald Henry),
_d1845-1933
245 1 4 _aThe Hittites :
_bThe story of a Forgotten Empire
_h[electronic resource] /
_cA. H. Sayce
260 _bProject Gutenberg,
_c2012
506 _aPublic domain in the USA.
516 _aElectronic text
830 0 _aProject Gutenberg
_v40243
856 4 0 _uhttp://www.gutenberg.org/ebooks/40243
942 _cEB
999 _c269496
_d269496